Love and be silent.

Gardado en:
Detalles Bibliográficos
Autor Principal: Harnack, Curtis, 1927-
Formato: Libro
Idioma:English
Publicado: New York, Harcourt, Brace & World [1962]
Edición:[1st ed.]
LEADER 00732nam a22002171 4500
001 c000103917
003 CARM
005 00000000000000.0
008 790712s1962 nyu 00001 eng
019 1 |a 1449963  |5 LACONCORD2021 
035 |a (OCoLC)1376784  |5 LACONCORD2021 
040 |c WaSp 
050 0 0 |a PZ4.H287  |b Lo 
100 1 |a Harnack, Curtis,  |d 1927- 
245 1 0 |a Love and be silent. 
250 |a [1st ed.] 
260 |a New York,  |b Harcourt, Brace & World  |c [1962] 
300 |a 246 p.  |c 21 cm. 
852 8 |b CARM  |h A2:AD26A0  |i B03070  |p 0151641  |f BK 
999 f f |i f75c73bd-a2d5-5d23-9e3f-6862cdc11859  |s 8aec232e-3515-504c-b7e7-51774aeed063 
952 f f |p Can circulate  |a CAVAL  |b CAVAL  |c CAVAL  |d CARM 1 Store  |e B03070  |f A2:AD26A0  |h Other scheme  |i book  |m 0151641